The complex variables problem solver : A complete solution guide to any textbook / (Record no. 90075)
[ view plain ]
| 000 -LEADER | |
|---|---|
| fixed length control field | 00666nam a22001937a 4500 |
| 005 - DATE AND TIME OF LATEST TRANSACTION | |
| control field | 20150317140809.0 |
| 008 - FIXED-LENGTH DATA ELEMENTS--GENERAL INFORMATION | |
| fixed length control field | 150317b nju||||| |||| 00| 0 eng d |
| 020 ## - INTERNATIONAL STANDARD BOOK NUMBER | |
| International Standard Book Number | 0878916040 |
| 050 04 - LIBRARY OF CONGRESS CALL NUMBER | |
| Classification number | QA331.7 |
| Item number | M55 1998 |
| 100 1# - MAIN ENTRY--PERSONAL NAME | |
| Personal name | Milewski, Emil G. |
| 245 10 - TITLE STATEMENT | |
| Title | The complex variables problem solver : A complete solution guide to any textbook / |
| Statement of responsibility, etc | Emil G. Milewski. |
| 250 ## - EDITION STATEMENT | |
| Edition statement | 1a ed. |
| 260 ## - PUBLICATION, DISTRIBUTION, ETC. (IMPRINT) | |
| Place of publication, distribution, etc | Piscataway, New Jersey : |
| Name of publisher, distributor, etc | Research and Education Association, |
| Date of publication, distribution, etc | 1998 |
| 300 ## - PHYSICAL DESCRIPTION | |
| Extent | xiv, 913 p. : |
| Other physical details | il. ; |
| Dimensions | 25cm. |
| 490 ## - SERIES STATEMENT | |
| Series statement | (REA'S) |
| 504 ## - BIBLIOGRAPHY, ETC. NOTE | |
| Bibliography, etc | Incluye índice |
| 650 #7 - SUBJECT ADDED ENTRY--TOPICAL TERM | |
| Source of heading or term | Lemb |
| Topical term or geographic name as entry element | Funciones de variable compleja--Problemas, ejercicios, etc. |
| 942 ## - ADDED ENTRY ELEMENTS (KOHA) | |
| Source of classification or shelving scheme | Biblioteca del Cogreso de los Estados Unidos |
| Koha item type | Libro |
| Estado de pérdida | Fuente de clasificación | Estado del daño | No para préstamo | Ubicación permanente | Ubicación actual | Apartado o colección | Fecha de adquisición | Fuente de adquisición | Edición | Área del conocimiento | Clasificación | Código de Barras | Date last seen | Número de copia | Tipo de recurso | Nota pública |
|---|---|---|---|---|---|---|---|---|---|---|---|---|---|---|---|---|
| Biblioteca del Cogreso de los Estados Unidos | Biblioteca de la Facultad de Físico Matemáticas | Biblioteca de la Facultad de Físico Matemáticas | General | 17/03/2015 | Donación | 1a ed. | Ingeniería y Tecnología | QA331.7 M55 1998 C:1 | FFM000010450 | 17/03/2015 | C:1 | Libro | Lectura |